Vallesteros (Record no. 166950)
[ view plain ]
| 000 -LEADER | |
|---|---|
| campo de control de longitud fija | 00734nam a22001935i 4500 |
| 001 - NÚMERO DE CONTROL | |
| campo de control | 166950 |
| 003 - IDENTIFICADOR DE NÚMERO DE CONTROL | |
| campo de control | ES-MaACL |
| 005 - FECHA Y HORA DE LA ÚLTIMA TRANSACCIÓN | |
| campo de control | 20250829175032.0 |
| 008 - DATOS DE LONGITUD FIJA--INFORMACIÓN GENERAL | |
| campo de control de longitud fija | 041022s1812 sp |||| | spa d |
| 040 ## - FUENTE DE CATALOGACIÓN | |
| Centro catalogador/agencia de origen | CAM |
| Lengua de catalogación | spa |
| Centro/agencia transcriptor | CAM |
| 080 ## - NÚMERO DE LA CLASIFICACIÓN DECIMAL UNIVERSAL | |
| Número de la Clasificación Decimal Universal | 946.0"1808/1814"(093) |
| 245 00 - MENCIÓN DEL TÍTULO | |
| Título | Vallesteros |
| Resto del título | : el impugnador impugnado / |
| Mención de responsabilidad, etc. | [ciudadano Cordovés, R. de G.]. |
| 260 ## - PUBLICACIÓN, DISTRIBUCIÓN, ETC. | |
| Lugar de publicación, distribución, etc. | Cadiz : |
| Nombre del editor, distribuidor, etc. | [s.n.], |
| Fecha de publicación, distribución, etc. | 1812 ( |
| Fabricante | Imprenta patriótica) |
| 300 ## - DESCRIPCIÓN FÍSICA | |
| Extensión | 19 p. ; |
| Dimensiones | 22 cm. |
| 600 17 - PUNTO DE ACCESO ADICIONAL DE MATERIA--NOMBRE DE PERSONA | |
| Nombre de persona | Ballesteros López, Francisco, |
| Fechas asociadas al nombre | 1770-1833 |
| Fuente del encabezamiento o término | |
| 9 (RLIN) | 125789 |
| 651 #4 - PUNTO DE ACCESO ADICIONAL DE MATERIA--NOMBRE GEOGRÁFICO | |
| Nombre geográfico | España- |
| Subdivisión general | Historia- |
| Subdivisión cronológica | 1808-1814, Guerra de la Independencia- |
| Subdivisión de forma | Fuentes. |
| 9 (RLIN) | 142504 |
| 852 ## - LOCALIZACIÓN | |
| Ubicación | ES-MaACL |
| Número de control de estantería | R-3308(5) |
| Nota libre | -- Enc. piel grab. con hierros |
| -- | -- Enc. en un vol. facticio |
| Estatus retirado | Estado de pérdida | Estado de daño | No para préstamo | Colección | Biblioteca de origen | Biblioteca actual | Ubicación en estantería | Fecha de adquisición | Total de préstamos | Signatura topográfica completa | Código de barras | Visto por última vez | Precio de reemplazo | Tipo de ítem Koha |
|---|---|---|---|---|---|---|---|---|---|---|---|---|---|---|
| Libros del s. XIX | Biblioteca del Ateneo de Madrid | Biblioteca del Ateneo de Madrid | Depósito | 17/01/2008 | R-3308(5) | 1175128 | 23/02/2023 | 23/02/2023 | Libro impreso antiguo |
